000 00495nam a22001817a 4500
005 20251108164809.0
008 250721s1988 xx 000 0 ara d
082 1 4 _a811.9565/طاه
100 1 _aرياض، طاهر
245 1 0 _aالعصا العرجاء /
264 1 _aعمان :
_bدار منارات للنشر،
_c1988.
300 _a155ص
650 1 7 _aالشعر العربي
650 1 7 _aالعصر الحديث
650 1 7 _aالأردن
942 _2ddc
_cBK
999 _c14604
_d14604